00637nam a2200193Ia 450000500170000000800410001702000150005808200130007310000210008624500840010726000640019130000170025565000120027265000130028465000280029794200060032595200970033199900150042820250129054052.0240331s9999 xx 000 0 und d a9559266003 bAMUa954 aAmunugama, E.M.C 4aThe History of ancient aryantribes in Sri Lanka :byaksas, nagas, devas, sakyas aColombobJ.R. Jayewardene Cultural Centre Publicationc1994 aiv, 309 p ., aHistory aCultural aYaksas/ Raksas in India cL 001040708LaWERCLbWERCLcSSCd2024-03-31l0o 954.9 AMUp5089r2024-03-31w2024-03-31yL c3507d3507